| 000 | 01104nam a2200253Ia 4500 | ||
|---|---|---|---|
| 001 | 270.8-SCh GRE ni (10933) | ||
| 003 | IT-MiSPE | ||
| 008 | 171229s9999||||xx |||||||||||||| ||und|| | ||
| 040 |
_aIT-MiSPE _cIT-MiSPE |
||
| 041 | _aFRANCESE | ||
| 100 |
_aGregorio di Nissa (Grégoire de Nysse) _gsanto |
||
| 240 | _aEpistulae | ||
| 245 | 0 | _aLettres | |
| 250 | _a1a ed. (v) | ||
| 260 |
_aParis _bCerf _c1990 |
||
| 300 |
_a346 p. _c20 cm |
||
| 490 |
_aSOURCES Chrétiennes _v363 |
||
| 501 | _aEdizioni San Paolo srl - Piazza Soncino, 5 - 20092 CINISELLO BALSAMO (MI) (non commercial uses only) ® Copyright 2018 | ||
| 520 | _aPierre Maraval (intr., testo crit., note). Ed. bilingue | ||
| 700 |
_aPierre Maraval _g(traduzione) |
||
| 942 | _cBK | ||
| 957 | _71 | ||
| 999 |
_a15062 _bNO _g Copie: 1 _c347024 _d347024 |
||